000
00313 a2200133 4500
005
20250702071700.0
020
_a
978-0-241-39048-1
082
_a
HUN
100
_a
HUNTER, C.
245
_a
Cara Hunter in the Dark,
260
_a
New York,
_b
PENGUIN CLASICS,
_c
2018.
300
_a
443p,: ill
_c
18cm
942
_2
ddc
_c
BKS
999
_c
6531
_d
6531